000
00181 a2200097 4500
020
_a
799070731173
041
_a
eng
100
_a
Cowley, Joy
245
_a
Blueberry muffins
942
_c
BK
999
_c
864
_d
864